[Event "Barcelona Sant Marti op-B 25th"]
[Site "Barcelona"]
[Date "2025.07.14"]
[Round "2"]
[White "Poyato Ruiz, Fernando"]
[Black "Lopez Mallach, Miguel"]
[Result "0-1"]
[WhiteElo "1814"]
[BlackElo "1565"]
[PlyCount "60"]
[EventDate "2025.07.13"]
[EventType "swiss"]
[EventRounds "9"]
[EventCountry "ESP"]
[SourceTitle "CB30_2025"]
[SourceDate "2025.07.23"]
[SourceVersion "1"]
[SourceVersionDate "2025.07.23"]
[SourceQuality "1"]

1. d4 Nf6 2. c4 g6 3. Nc3 d5 4. e3 Bg7 5. Nf3 0-0 6. Bd3 c5 7. 0-0 cxd4 8. exd4 dxc4 9. Bxc4 Nc6 10. Re1 Bg4 11. h3 Bxf3 12. Qxf3 Nxd4 13. Qxb7 Nc2 14. Rxe7 Nxa1 15. Bxf7+ Kh8 16. Bxg6 Qxe7 17. Qxe7 hxg6 18. Bg5 Rae8 19. Qxa7 Nc2 20. a4 Nb4 21. Qd4 Nc6 22. Qh4+ Nh7 23. b4 Bxc3 24. b5 Re1+ 25. Kh2 Be5+ 26. f4 Re4 27. bxc6 Rxa4 28. Qh6 Rfxf4 29. g3 Ra2+ 30. Kg1 Bd4+ 0-1

[Event "Barcelona Sant Marti op-B 24th"]
[Site "Barcelona"]
[Date "2024.07.19"]
[Round "7"]
[White "Poyato Ruiz, Fernando"]
[Black "Batista Perez, Carlos"]
[Result "0-1"]
[WhiteElo "1859"]
[BlackElo "1908"]
[PlyCount "110"]
[EventDate "2024.07.13"]
[EventType "swiss"]
[EventRounds "9"]
[EventCountry "ESP"]
[SourceTitle "EXT 2025"]
[Source "ChessBase"]
[SourceDate "2024.10.14"]
[SourceVersion "1"]
[SourceVersionDate "2024.10.14"]
[SourceQuality "1"]

1. d4 c5 2. d5 d6 3. c4 e5 4. Nc3 Be7 5. e4 Bg5 6. Nf3 Bxc1 7. Qxc1 Ne7 8. Bd3 Nd7 9. Qg5 Ng6 10. Qxd8+ Kxd8 11. g3 a6 12. Ng5 Ke7 13. h4 h6 14. Nh3 Nf6 15. f3 Bxh3 16. Rxh3 Nh5 17. Kf2 Rab8 18. a4 b6 19. Be2 Nf6 20. h5 Nf8 21. f4 N8d7 22. Ke3 Rb7 23. Rg1 Rhb8 24. g4 exf4+ 25. Kxf4 Nh7 26. Ke3 Ng5 27. Rh2 Nf6 28. Rf1 b5 29. axb5 axb5 30. Nxb5 Nfxe4 31. Bd3 Nf6 32. Kf4 Rxb5 33. Re2+ Kd8 34. cxb5 Nxd5+ 35. Kg3 Nf6 36. Ra1 d5 37. b3 Nfe4+ 38. Kg2 Nc3 39. Re5 Kd7 40. Ra6 Kd8 41. Rc6 Kd7 42. Re1 Ne6 43. Ra1 Nf4+ 44. Kf3 Nxd3 45. Ra7+ Ke8 46. Rcc7 Nxb5 47. Re7+ Kd8 48. Rad7+ Kc8 49. Rxd5 Nd4+ 50. Ke3 Rxb3 51. Kd2 Nf3+ 52. Kc2 c4 53. Rxf7 Nfe1+ 54. Kd2 c3+ 55. Ke3 c2 0-1

[Event "Barcelona Sant Marti op-B 24th"]
[Site "Barcelona"]
[Date "2024.07.16"]
[Round "4"]
[White "Clanchet Olle, Josep"]
[Black "Poyato Ruiz, Fernando"]
[Result "1/2-1/2"]
[WhiteElo "1742"]
[BlackElo "1859"]
[PlyCount "77"]
[EventDate "2024.07.13"]
[EventType "swiss"]
[EventRounds "9"]
[EventCountry "ESP"]
[SourceTitle "EXT 2025"]
[Source "ChessBase"]
[SourceDate "2024.10.14"]
[SourceVersion "1"]
[SourceVersionDate "2024.10.14"]
[SourceQuality "1"]

1. e4 e6 2. d4 d5 3. Nc3 Nf6 4. exd5 exd5 5. Nf3 c6 6. Bf4 Be7 7. Be2 0-0 8. 0-0 Bf5 9. Re1 Nbd7 10. Ne5 Nxe5 11. Bxe5 Re8 12. Bd3 Qd7 13. Ne2 Ne4 14. Bxe4 Bxe4 15. Ng3 Bg6 16. Qf3 Bxc2 17. Re2 Bg6 18. Rae1 f6 19. Bf4 Bb4 20. Rxe8+ Rxe8 21. Rxe8+ Qxe8 22. Be3 Bd6 23. Nf5 Bxf5 24. Qxf5 Qe7 25. Qc8+ Kf7 26. g3 Qc7 27. Qh8 h6 28. Qh7 Ke8 29. Qg8+ Bf8 30. Qe6+ Qe7 31. Qc8+ Kf7 32. a3 g5 33. Bd2 c5 34. dxc5 Qxc5 35. Qxb7+ Kg6 36. Qd7 d4 37. Qe8+ Kg7 38. Qd7+ Kg6 39. Qe8+ 1/2-1/2

[Event "Barcelona Sant Marti op-B 24th"]
[Site "Barcelona"]
[Date "2024.07.13"]
[Round "1"]
[White "Poyato Ruiz, Fernando"]
[Black "Martin Sanchez, Antoni"]
[Result "1-0"]
[WhiteElo "1859"]
[BlackElo "1659"]
[PlyCount "55"]
[EventDate "2024.07.13"]
[EventType "swiss"]
[EventRounds "9"]
[EventCountry "ESP"]
[SourceTitle "EXT 2025"]
[Source "ChessBase"]
[SourceDate "2024.10.14"]
[SourceVersion "1"]
[SourceVersionDate "2024.10.14"]
[SourceQuality "1"]

1. d4 d5 2. c4 Nf6 3. Nc3 c6 4. a4 g6 5. Nf3 Bg7 6. e3 0-0 7. Bd3 Nbd7 8. 0-0 Qc7 9. Bd2 e5 10. dxe5 Nxe5 11. Nxe5 Qxe5 12. f4 Qe7 13. Qc2 dxc4 14. Bxc4 Be6 15. Bd3 Rad8 16. Rad1 Qc5 17. Kh1 Rd7 18. f5 Bc4 19. Bxc4 Qxc4 20. fxg6 hxg6 21. Rf4 Qe6 22. Rdf1 Nd5 23. Nxd5 Rxd5 24. e4 Rh5 25. Bc3 Bxc3 26. Qxc3 Qe5 27. Qf3 g5 28. Qxh5 1-0

[Event "Barcelona Sant Marti op 11th"]
[Site "Barcelona"]
[Date "2024.02.15"]
[Round "6"]
[White "Tortosa Moros, Joan"]
[Black "Poyato Ruiz, Fernando"]
[Result "1/2-1/2"]
[WhiteElo "1607"]
[BlackElo "1738"]
[PlyCount "83"]
[EventDate "2024.01.11"]
[EventType "swiss"]
[EventRounds "9"]
[EventCountry "ESP"]
[SourceTitle "CBM 219 Extra"]
[Source "ChessBase"]
[SourceDate "2024.05.31"]
[SourceVersion "1"]
[SourceVersionDate "2024.05.31"]
[SourceQuality "1"]

1. e4 e6 2. Qe2 Be7 3. d4 b6 4. Nf3 Ba6 5. c4 d5 6. exd5 exd5 7. b3 Nf6 8. Ba3 Ne4 9. Bxe7 Qxe7 10. Nfd2 Nxd2 11. Qxe7+ Kxe7 12. Nxd2 Re8 13. cxd5 Kd6+ 14. Kd1 Kxd5 15. Bxa6 Nxa6 16. Nf3 Re4 17. Kd2 Rae8 18. Rhe1 Rxe1 19. Rxe1 Rxe1 20. Kxe1 Nb4 21. Ng5 f6 22. Nxh7 Kxd4 23. Nf8 Nxa2 24. Ne6+ Kc3 25. Nxg7 Nb4 26. h4 Nc6 27. h5 Ne5 28. h6 Kxb3 29. Ne8 c5 30. h7 Ng6 31. Nxf6 a5 32. Kd1 Kb2 33. Nd7 b5 34. Nxc5 a4 35. Nd3+ Kb1 36. Nf4 Nh8 37. Nd5 a3 38. Kd2 a2 39. Nc3+ Kb2 40. Nxa2 Kxa2 41. Kc3 Ka3 42. Kc2 1/2-1/2

[Event "Barcelona Sant Marti op 11th"]
[Site "Barcelona"]
[Date "2024.02.01"]
[Round "4"]
[White "Fijal, Alan"]
[Black "Poyato Ruiz, Fernando"]
[Result "0-1"]
[WhiteElo "1146"]
[BlackElo "1738"]
[PlyCount "98"]
[EventDate "2024.01.11"]
[EventType "swiss"]
[EventRounds "9"]
[EventCountry "ESP"]
[SourceTitle "CBM 219 Extra"]
[Source "ChessBase"]
[SourceDate "2024.05.31"]
[SourceVersion "1"]
[SourceVersionDate "2024.05.31"]
[SourceQuality "1"]

1. e4 e6 2. d4 d5 3. Nc3 Nf6 4. e5 Nfd7 5. Nce2 c5 6. c3 Nc6 7. Nf3 Be7 8. Ng3 0-0 9. Bd3 f5 10. exf6 Nxf6 11. 0-0 cxd4 12. cxd4 Bd7 13. Re1 Qb6 14. a3 Rac8 15. Ne2 Na5 16. b4 Nc4 17. Nf4 Bd6 18. Ne5 Bxe5 19. dxe5 Ne8 20. Qh5 h6 21. Qg6 Rf5 22. Bxf5 exf5 23. Qxb6 Nxb6 24. Be3 Bc6 25. Bxb6 axb6 26. Rac1 Nc7 27. e6 Re8 28. Re5 g5 29. Nd3 Nxe6 30. Rxf5 Nd4 31. Rxg5+ hxg5 32. Kh1 Re2 33. f3 Kg7 34. f4 gxf4 35. Nxf4 Rf2 36. g3 Ne2 37. Nxe2 Rxe2 38. Kg1 Ra2 39. Rc3 Kf6 40. b5 Bxb5 41. Rb3 Bc6 42. Rxb6 Rxa3 43. Kf2 Ra2+ 44. Ke3 Rxh2 45. Kf4 Ra2 46. Rb1 Ra4+ 47. Kf3 Kf5 48. Re1 Ra3+ 49. Kf2 Kg4 0-1

[Event "Barcelona Sant Marti op-B 23rd"]
[Site "Barcelona"]
[Date "2023.07.21"]
[Round "9"]
[White "Poyato Ruiz, Fernando"]
[Black "Costa Trave, Jaume"]
[Result "1-0"]
[WhiteElo "1754"]
[BlackElo "1621"]
[PlyCount "107"]
[EventDate "2023.07.13"]
[EventType "swiss"]
[EventRounds "9"]
[EventCountry "ESP"]
[SourceTitle "CBM 215 Extra"]
[Source "ChessBase"]
[SourceDate "2023.09.30"]
[SourceVersion "1"]
[SourceVersionDate "2023.09.30"]
[SourceQuality "1"]

1. d4 e6 2. c4 d5 3. Nc3 c6 4. Nf3 Nf6 5. Bg5 a6 6. e3 Nbd7 7. Bd3 dxc4 8. Bxc4 b5 9. Bd3 c5 10. 0-0 Bb7 11. Rc1 Rc8 12. a3 Be7 13. Bb1 Nd5 14. Bxe7 Qxe7 15. Nxd5 Bxd5 16. dxc5 Rxc5 17. Qd4 f6 18. Rxc5 Qxc5 19. Qxc5 Nxc5 20. Rc1 Nb7 21. Rc7 g6 22. Rxh7 Rxh7 23. Bxg6+ Kf8 24. Bxh7 f5 25. Bg6 Nd6 26. Nd2 Kg7 27. Bh5 Kf6 28. f4 e5 29. Kf2 e4 30. h3 Nb7 31. g4 Nc5 32. g5+ Kg7 33. Be2 Na4 34. b4 Nb2 35. h4 Na4 36. h5 Nc3 37. h6+ Kg6 38. Bh5+ Kh7 39. Be8 Be6 40. Kg3 Nd5 41. Nf1 Nc7 42. Bc6 Kg6 43. Kf2 Bf7 44. Ng3 Be6 45. Nxe4 fxe4 46. Bxe4+ Kf7 47. f5 Bd5 48. g6+ Kf6 49. Bxd5 Nxd5 50. Kf3 Nb6 51. e4 Nc4 52. h7 Kg7 53. Kf4 Nxa3 54. Kg5 1-0

[Event "Barcelona Sant Marti op-B 23rd"]
[Site "Barcelona"]
[Date "2023.07.17"]
[Round "5"]
[White "Poyato Ruiz, Fernando"]
[Black "Torres Teruel, Joan"]
[Result "1/2-1/2"]
[WhiteElo "1754"]
[BlackElo "1701"]
[PlyCount "67"]
[EventDate "2023.07.13"]
[EventType "swiss"]
[EventRounds "9"]
[EventCountry "ESP"]
[SourceTitle "CBM 215 Extra"]
[Source "ChessBase"]
[SourceDate "2023.09.30"]
[SourceVersion "1"]
[SourceVersionDate "2023.09.30"]
[SourceQuality "1"]

1. d4 d5 2. c4 e6 3. Nc3 c6 4. Nf3 dxc4 5. a4 Bb4 6. e4 b5 7. Bd2 Nf6 8. e5 Bxc3 9. bxc3 Nd5 10. Be2 Bb7 11. Qc2 h6 12. 0-0 Nd7 13. Rfb1 a6 14. Bxc4 0-0 15. Be2 N7b6 16. c4 Nc7 17. axb5 axb5 18. Rxa8 Qxa8 19. c5 Nbd5 20. Qb2 Ba6 21. Ba5 Qb7 22. Nd2 Rb8 23. Ne4 b4 24. Nd6 Qa7 25. Bxc7 Nxc7 26. Ra1 b3 27. Ra3 Rb4 28. h3 Qa8 29. Bxa6 Nxa6 30. Rxb3 Qb8 31. Rxb4 Qxb4 32. Qxb4 Nxb4 33. Nc8 Kf8 34. f3 1/2-1/2

[Event "Barcelona Sant Marti op-B 23rd"]
[Site "Barcelona"]
[Date "2023.07.15"]
[Round "3"]
[White "Poyato Ruiz, Fernando"]
[Black "Rodriguez Batuecas, Jordi"]
[Result "1-0"]
[WhiteElo "1754"]
[BlackElo "1487"]
[PlyCount "71"]
[EventDate "2023.07.13"]
[EventType "swiss"]
[EventRounds "9"]
[EventCountry "ESP"]
[SourceTitle "CBM 215 Extra"]
[Source "ChessBase"]
[SourceDate "2023.09.30"]
[SourceVersion "1"]
[SourceVersionDate "2023.09.30"]
[SourceQuality "1"]

1. d4 f5 2. c4 Nf6 3. Nc3 e6 4. a3 d5 5. e3 Be7 6. Nf3 Nc6 7. Bd3 0-0 8. 0-0 a6 9. Qc2 Qe8 10. cxd5 Nxd5 11. Re1 Qh5 12. e4 fxe4 13. Nxe4 Nf4 14. Ng3 Qg4 15. Bxh7+ Kh8 16. Be4 Bd7 17. Bxc6 Bxc6 18. Ne5 Qg5 19. Bxf4 Rxf4 20. Ng6+ Kg8 21. Nxf4 Qxf4 22. Qg6 Bd5 23. Nh5 Bf6 24. Nxf6+ Qxf6 25. Qxf6 gxf6 26. Re3 Kf7 27. Rc1 c6 28. Rcc3 Rg8 29. Rg3 Rh8 30. Rh3 Rxh3 31. Rxh3 Kg7 32. Rg3+ Kf7 33. h4 Be4 34. h5 b5 35. Re3 Bf5 36. f3 1-0

[Event "Barcelona Sant Marti op 10th"]
[Site "Barcelona"]
[Date "2023.01.19"]
[Round "2"]
[White "Berishvili, Luka"]
[Black "Poyato Ruiz, Fernando"]
[Result "0-1"]
[WhiteElo "1447"]
[BlackElo "1845"]
[PlyCount "72"]
[EventDate "2023.01.12"]
[EventType "swiss"]
[EventRounds "9"]
[EventCountry "ESP"]
[SourceTitle "CBM 213 Extra"]
[Source "ChessBase"]
[SourceDate "2023.05.31"]
[SourceVersion "1"]
[SourceVersionDate "2023.05.31"]
[SourceQuality "1"]

1. e4 e6 2. d4 d5 3. Nc3 Nf6 4. Bg5 Bb4 5. e5 h6 6. exf6 hxg5 7. fxg7 Rg8 8. Qh5 Qf6 9. Nf3 Qxg7 10. h4 c5 11. Qxg5 Qxg5 12. hxg5 cxd4 13. Nxd4 Bd7 14. Nf3 Nc6 15. Bb5 d4 16. a3 dxc3 17. axb4 cxb2 18. Rb1 a6 19. Bxc6 Bxc6 20. Rxb2 Rc8 21. Rh5 Ke7 22. Ne5 Be4 23. Kd2 Rgd8+ 24. Ke3 Bxc2 25. f4 Rc3+ 26. Ke2 Bd1+ 27. Kf2 Bxh5 28. g4 Bg6 29. Re2 Bd3 30. Re3 Rc2+ 31. Kg3 Bb5 32. g6 f6 33. Nf3 Rd3 34. g7 Kf7 35. Rxe6 Kxg7 36. Re4 Bc6 0-1

[Event "Barcelona Sant Marti op-B 22nd"]
[Site "Barcelona"]
[Date "2022.07.21"]
[Round "9"]
[White "Poyato Ruiz, Fernando"]
[Black "Fernandez Huerta Castillo, Diego"]
[Result "1/2-1/2"]
[WhiteElo "1849"]
[BlackElo "1647"]
[PlyCount "34"]
[EventDate "2022.07.13"]
[EventType "swiss"]
[EventRounds "9"]
[EventCountry "ESP"]
[SourceTitle "CBM 210 Extra"]
[Source "ChessBase"]
[SourceDate "2022.11.30"]
[SourceVersion "1"]
[SourceVersionDate "2022.11.30"]
[SourceQuality "1"]

1. d4 Nf6 2. c4 g6 3. Nc3 Bg7 4. e4 d6 5. f4 0-0 6. Nf3 c5 7. d5 e6 8. Be2 exd5 9. exd5 Re8 10. 0-0 a6 11. a4 Bf5 12. Bd3 Bxd3 13. Qxd3 Nbd7 14. f5 Ng4 15. fxg6 hxg6 16. Bf4 Nde5 17. Nxe5 Nxe5 1/2-1/2

[Event "Barcelona Sant Marti op-B 22nd"]
[Site "Barcelona"]
[Date "2022.07.20"]
[Round "8"]
[White "Delgadillo Torrico, Felipe"]
[Black "Poyato Ruiz, Fernando"]
[Result "0-1"]
[WhiteElo "1815"]
[BlackElo "1849"]
[PlyCount "74"]
[EventDate "2022.07.13"]
[EventType "swiss"]
[EventRounds "9"]
[EventCountry "ESP"]
[SourceTitle "CBM 210 Extra"]
[Source "ChessBase"]
[SourceDate "2022.11.30"]
[SourceVersion "1"]
[SourceVersionDate "2022.11.30"]
[SourceQuality "1"]

1. e4 e6 2. d4 d5 3. Nd2 Nf6 4. e5 Nfd7 5. Bd3 c5 6. c3 Nc6 7. Ngf3 Qb6 8. 0-0 cxd4 9. cxd4 Be7 10. Qa4 f6 11. Re1 0-0 12. Bb5 fxe5 13. Bxc6 bxc6 14. dxe5 Nc5 15. Qd4 Qb5 16. a4 Qd3 17. Ra3 Qf5 18. Rc3 Nd7 19. Rxc6 Bd8 20. Qc3 Bb7 21. Rd6 Rc8 22. Qd4 Bb6 23. Rxb6 Nxb6 24. a5 Nc4 25. Qxa7 Ba8 26. Nb3 Rf7 27. Qa6 Bb7 28. Qb5 Rfc7 29. Nbd4 Qg6 30. Bf4 Bc6 31. Nxc6 Rxc6 32. b4 Qd3 33. h3 Nxe5 34. Qxd3 Nxd3 35. Bd2 Nxe1 36. Bxe1 Rc1 37. g3 R8c3 0-1

[Event "Barcelona Sant Marti op 9th"]
[Site "Barcelona"]
[Date "2020.03.12"]
[Round "9"]
[White "Aguila Barcelo, Lluis"]
[Black "Poyato Ruiz, Fernando"]
[Result "1-0"]
[WhiteElo "1822"]
[BlackElo "1838"]
[PlyCount "65"]
[EventDate "2020.01.16"]
[EventType "swiss"]
[EventRounds "9"]
[EventCountry "ESP"]
[SourceTitle "EXT 2021"]
[Source "ChessBase"]
[SourceDate "2020.10.23"]
[SourceVersion "1"]
[SourceVersionDate "2020.10.23"]
[SourceQuality "1"]

1. f4 d5 2. Nf3 Nf6 3. e3 c5 4. b3 Nc6 5. Bb2 e6 6. Be2 Be7 7. 0-0 0-0 8. h3 Qc7 9. Nh2 e5 10. Ng4 Nxg4 11. Bxg4 f5 12. Be2 Be6 13. d3 Rac8 14. Nd2 e4 15. dxe4 dxe4 16. Bc4 Bxc4 17. Nxc4 Bf6 18. Bxf6 Rxf6 19. Qd5+ Kh8 20. Qxc5 b6 21. Qb5 Qe7 22. Rfd1 Rd8 23. Ne5 Nxe5 24. Qxe5 Qf8 25. c4 Rfd6 26. Rd5 Rxd5 27. cxd5 Qc5 28. Qxf5 Qxe3+ 29. Kh2 Qd4 30. Re1 g6 31. Qxe4 Qxd5 32. Qxd5 Rxd5 33. Re8+ 1-0

[Event "Barcelona Sant Marti op-B 21st"]
[Site "Barcelona"]
[Date "2019.07.16"]
[Round "4"]
[White "Segador Sanchez, Didac"]
[Black "Poyato Ruiz, Fernando"]
[Result "1/2-1/2"]
[WhiteElo "1380"]
[BlackElo "1890"]
[PlyCount "54"]
[EventDate "2019.07.13"]
[EventType "swiss"]
[EventRounds "9"]
[EventCountry "ESP"]
[SourceTitle "EXT 2020"]
[Source "ChessBase"]
[SourceDate "2019.10.17"]
[SourceVersion "1"]
[SourceVersionDate "2019.10.17"]
[SourceQuality "1"]

1. d4 e6 2. Nf3 Nf6 3. e3 d5 4. Bd3 c5 5. b3 cxd4 6. exd4 Nc6 7. 0-0 Bd7 8. Nbd2 Rc8 9. a3 Bd6 10. Bb2 0-0 11. Re1 a6 12. Ne5 Ne7 13. Nxd7 Qxd7 14. Nf3 Ng6 15. Ne5 Qc7 16. g3 Nd7 17. f4 Ndxe5 18. fxe5 Be7 19. Qg4 Qb6 20. Kg2 f5 21. exf6 Rxf6 22. Rf1 Rcf8 23. Rxf6 Rxf6 24. Rf1 Qc6 25. Rxf6 Bxf6 26. Bxg6 hxg6 27. Qxg6 Kf8 1/2-1/2

[Event "Barcelona Sant Marti op 8th"]
[Site "Barcelona"]
[Date "2019.03.14"]
[Round "9"]
[White "Munoz Prior, Marcelo"]
[Black "Poyato Ruiz, Fernando"]
[Result "0-1"]
[WhiteElo "1381"]
[BlackElo "1905"]
[PlyCount "44"]
[EventDate "2019.01.17"]
[EventType "swiss"]
[EventRounds "9"]
[EventCountry "ESP"]
[SourceTitle "CBM 189 Extra"]
[Source "ChessBase"]
[SourceDate "2019.05.31"]
[SourceVersion "1"]
[SourceVersionDate "2019.05.31"]
[SourceQuality "1"]

1. d4 e6 2. Nf3 Nf6 3. g3 c5 4. Bg2 Nc6 5. 0-0 d5 6. c4 Be7 7. Nc3 0-0 8. cxd5 exd5 9. dxc5 Bxc5 10. Bg5 Be7 11. Nd4 h6 12. Bf4 a6 13. e4 Nxd4 14. Qxd4 dxe4 15. Qxd8 Rxd8 16. Nxe4 Nd5 17. Be5 Be6 18. Rfd1 Rd7 19. Bd4 Rc8 20. Rac1 Rxc1 21. Rxc1 Nf4 22. Bc5 Ne2+ 0-1

[Event "Barcelona Sant Marti op 8th"]
[Site "Barcelona"]
[Date "2019.03.07"]
[Round "8"]
[White "Poyato Ruiz, Fernando"]
[Black "Abascal Vicente, Ignacio"]
[Result "1/2-1/2"]
[WhiteElo "1905"]
[BlackElo "1660"]
[PlyCount "20"]
[EventDate "2019.01.17"]
[EventType "swiss"]
[EventRounds "9"]
[EventCountry "ESP"]
[SourceTitle "CBM 189 Extra"]
[Source "ChessBase"]
[SourceDate "2019.05.31"]
[SourceVersion "1"]
[SourceVersionDate "2019.05.31"]
[SourceQuality "1"]

1. d4 d5 2. c4 c6 3. Nc3 Nf6 4. Nf3 e6 5. Bg5 h6 6. Bh4 dxc4 7. a4 Bb4 8. e3 b5 9. Be2 Bb7 10. 0-0 a6 1/2-1/2

[Event "Barcelona Sant Marti op 8th"]
[Site "Barcelona"]
[Date "2019.02.14"]
[Round "5"]
[White "Parayre Soguero, Jordi"]
[Black "Poyato Ruiz, Fernando"]
[Result "1/2-1/2"]
[WhiteElo "1828"]
[BlackElo "1905"]
[PlyCount "63"]
[EventDate "2019.01.17"]
[EventType "swiss"]
[EventRounds "9"]
[EventCountry "ESP"]
[SourceTitle "CBM 189 Extra"]
[Source "ChessBase"]
[SourceDate "2019.05.31"]
[SourceVersion "1"]
[SourceVersionDate "2019.05.31"]
[SourceQuality "1"]

1. d4 e6 2. e4 d5 3. Nc3 Nf6 4. Bg5 Bb4 5. e5 h6 6. Bd2 Bxc3 7. bxc3 Ne4 8. Bd3 Nxd2 9. Qxd2 c5 10. Nh3 Nc6 11. Bb5 Qc7 12. 0-0 Bd7 13. Bxc6 Qxc6 14. Nf4 Rc8 15. Nh5 cxd4 16. cxd4 Qxc2 17. Qb4 Qg6 18. Nf4 Qf5 19. Ne2 Bc6 20. Nc3 a6 21. Rfc1 f6 22. Na4 Kf7 23. Nc5 Rc7 24. exf6 gxf6 25. Nxa6 bxa6 26. Rxc6 Rhc8 27. Rxc7+ Rxc7 28. Qd6 Rb7 29. Qxa6 Rb1+ 30. Rxb1 Qxb1+ 31. Qf1 Qxa2 32. Qd1 1/2-1/2

[Event "Barcelona Sant Marti op 8th"]
[Site "Barcelona"]
[Date "2019.01.17"]
[Round "1"]
[White "Argemi Camp, Jaume"]
[Black "Poyato Ruiz, Fernando"]
[Result "0-1"]
[WhiteElo "1618"]
[BlackElo "1905"]
[PlyCount "80"]
[EventDate "2019.01.17"]
[EventType "swiss"]
[EventRounds "9"]
[EventCountry "ESP"]
[SourceTitle "CBM 189 Extra"]
[Source "ChessBase"]
[SourceDate "2019.05.31"]
[SourceVersion "1"]
[SourceVersionDate "2019.05.31"]
[SourceQuality "1"]

1. e4 e6 2. g3 d5 3. exd5 exd5 4. Bg2 Nf6 5. d3 h6 6. Nf3 Bd6 7. 0-0 0-0 8. c3 c6 9. a4 Bg4 10. Nbd2 Nbd7 11. d4 Ne4 12. a5 a6 13. Qb3 Nxd2 14. Bxd2 Qc7 15. Qc2 Nf6 16. Nh4 Qd7 17. Nf3 Bf5 18. Qb3 Ne4 19. Be3 Rfe8 20. Nh4 Bh7 21. Rfe1 Re7 22. Qd1 Rae8 23. Qc1 Nf6 24. b4 Be4 25. Nf3 h5 26. h4 Qf5 27. Ng5 Bxg2 28. Kxg2 Ng4 29. Ra2 f6 30. Nf3 Nxe3+ 31. Rxe3 Rxe3 32. fxe3 Re4 33. Qe1 Rg4 34. Ne5 fxe5 35. Qf2 Qg6 36. Qf3 e4 37. Qf1 Rxg3+ 38. Kh1 Rf3 39. Rf2 Qg3 40. Qg2 Rxf2 0-1

[Event "Barcelona Sant Marti op-B 20th"]
[Site "Barcelona"]
[Date "2018.07.18"]
[Round "6"]
[White "Franzoni Ladron, De Guevara Enric"]
[Black "Poyato Ruiz, Fernando"]
[Result "0-1"]
[WhiteElo "1760"]
[BlackElo "1894"]
[PlyCount "86"]
[EventDate "2018.07.13"]
[EventType "swiss"]
[EventRounds "9"]
[EventCountry "ESP"]
[SourceTitle "EXT 2019"]
[Source "ChessBase"]
[SourceDate "2018.10.10"]
[SourceVersion "1"]
[SourceVersionDate "2018.10.10"]
[SourceQuality "1"]

1. e4 e6 2. d4 d5 3. Nc3 Nf6 4. e5 Nfd7 5. f4 c5 6. Nf3 Nc6 7. a3 a6 8. Be2 Be7 9. Be3 cxd4 10. Nxd4 Bh4+ 11. g3 Be7 12. Qd2 0-0 13. 0-0 Nxd4 14. Bxd4 f6 15. Bg4 f5 16. Bf3 Nc5 17. b4 Ne4 18. Nxe4 dxe4 19. Be2 b5 20. c4 Bd7 21. Rfd1 Qb8 22. Qe3 Qb7 23. Rac1 Rfc8 24. Bb6 Be8 25. c5 Bc6 26. Rd4 Bd5 27. g4 g6 28. gxf5 gxf5 29. h3 Kh8 30. Kh2 Rg8 31. Rdd1 Rg7 32. Rg1 Rag8 33. Rxg7 Rxg7 34. Rg1 Bh4 35. Bd1 Qd7 36. Bb3 Bxb3 37. Rxg7 Kxg7 38. Qxb3 Qd2+ 39. Kh1 Qe1+ 40. Kg2 Qf2+ 41. Kh1 Bg3 42. Qxg3+ Qxg3 43. c6 e3 0-1

[Event "Barcelona Sant Marti op-B 20th"]
[Site "Barcelona"]
[Date "2018.07.16"]
[Round "4"]
[White "Poyato Ruiz, Fernando"]
[Black "Zubimendi Felip, Ricard"]
[Result "1-0"]
[WhiteElo "1894"]
[BlackElo "1752"]
[PlyCount "79"]
[EventDate "2018.07.13"]
[EventType "swiss"]
[EventRounds "9"]
[EventCountry "ESP"]
[SourceTitle "EXT 2019"]
[Source "ChessBase"]
[SourceDate "2018.10.10"]
[SourceVersion "1"]
[SourceVersionDate "2018.10.10"]
[SourceQuality "1"]

1. d4 Nf6 2. c4 g6 3. Nc3 d5 4. cxd5 Nxd5 5. e4 Nxc3 6. bxc3 Bg7 7. Bc4 c5 8. Ne2 0-0 9. 0-0 cxd4 10. cxd4 Nc6 11. Be3 b6 12. Rc1 Bb7 13. Qd2 e6 14. Rfd1 Qe7 15. Bh6 Rfd8 16. Bxg7 Kxg7 17. Qe3 Rac8 18. d5 exd5 19. Bxd5 Na5 20. Rxc8 Rxc8 21. Nf4 Bxd5 22. Nxd5 Qe6 23. Qd4+ f6 24. Nxf6 Rc4 25. Nh5+ Kh6 26. Qe3+ g5 27. Rd5 Qg4 28. Nf6 Qf4 29. Qh3+ Qh4 30. Ng8+ Kg7 31. Qd7+ Kh8 32. Nf6 Rc1+ 33. Rd1 Rxd1+ 34. Qxd1 Kg7 35. g3 Qh3 36. Qd4 Qe6 37. Nh5+ Kg6 38. Qg7+ Kxh5 39. Qxh7+ Kg4 40. Kg2 1-0

[Event "Barcelona Sant Marti op 7th"]
[Site "Barcelona"]
[Date "2018.02.15"]
[Round "6"]
[White "Morales Montalban, Miguel"]
[Black "Poyato Ruiz, Fernando"]
[Result "1/2-1/2"]
[WhiteElo "2035"]
[BlackElo "1843"]
[PlyCount "97"]
[EventDate "2018.01.11"]
[EventType "swiss"]
[EventRounds "9"]
[EventCountry "ESP"]
[SourceTitle "EXT 2019"]
[Source "ChessBase"]
[SourceDate "2018.10.10"]
[SourceVersion "1"]
[SourceVersionDate "2018.10.10"]
[SourceQuality "1"]

1. d4 e6 2. Nf3 Nf6 3. c4 Bb4+ 4. Nc3 c5 5. g3 Bxc3+ 6. bxc3 d6 7. Bg2 Nc6 8. 0-0 0-0 9. Qc2 e5 10. Rd1 Qe7 11. Rb1 Bg4 12. dxc5 dxc5 13. Bg5 Rab8 14. h3 Be6 15. Qa4 Rfd8 16. Nd2 Bf5 17. Ne4 Bxe4 18. Bxe4 Qe6 19. Bxf6 gxf6 20. g4 Rd6 21. Bf5 Rxd1+ 22. Rxd1 Qe8 23. Qc2 h6 24. Qc1 Kg7 25. Qe3 Rd8 26. Rb1 b6 27. Qf3 Ne7 28. Be4 Qa4 29. Bd3 Qxa2 30. Qe4 Ng6 31. h4 Nf4 32. Qh7+ Kf8 33. Qxh6+ Ke7 34. Rd1 Qb3 35. Ra1 a5 36. g5 Rd6 37. Qh8 Qxc3 38. gxf6+ Rxf6 39. Rd1 Nxd3 40. exd3 Qc2 41. Rf1 Qxd3 42. Re1 Qf5 43. Re2 Qg4+ 44. Kf1 Qxc4 45. Qb8 Rd6 46. Qc7+ Ke6 47. Qc8+ Kd5 48. Qb7+ Ke6 49. Qc8+ 1/2-1/2

[Event "Barcelona Sant Marti op-B 19th"]
[Site "Barcelona"]
[Date "2017.07.19"]
[Round "7"]
[White "Poyato Ruiz, Fernando"]
[Black "Aguilera Campana, Antonio"]
[Result "0-1"]
[WhiteElo "1863"]
[BlackElo "1674"]
[PlyCount "44"]
[EventDate "2017.07.13"]
[EventType "swiss"]
[EventRounds "9"]
[EventCountry "ESP"]
[SourceTitle "EXT 2018"]
[Source "ChessBase"]
[SourceDate "2017.10.13"]
[SourceVersion "1"]
[SourceVersionDate "2017.10.13"]
[SourceQuality "1"]

1. d4 d5 2. c4 dxc4 3. Nc3 g6 4. e4 Bg7 5. Be3 Nf6 6. f3 c6 7. Bxc4 0-0 8. Nge2 b5 9. Bd3 Bb7 10. 0-0 Qb6 11. Qd2 Nbd7 12. d5 Qc7 13. dxc6 Bxc6 14. Bxb5 Ne5 15. Rac1 Qb7 16. Bxc6 Nxc6 17. Nf4 e6 18. Nd3 Rad8 19. Qe2 Nd7 20. Na4 Qb5 21. Nac5 Nxc5 22. Rxc5 Qxd3 0-1